[Event "European Individual Championship"]
[Site "Plovdiv BUL"]
[Date "2008.04.30"]
[EventDate "2008.04.21"]
[Round "9"]
[Result "1-0"]
[White "Eltaj Safarli"]
[Black "Tiberiu-Marian Georgescu"]
[WhiteElo "2524"]
[BlackElo "2384"]
[PlyCount "98"]

1. e4 c5 2. Nc3 Nc6 3. g3 g6 4. Bg2 Bg7 5. d3 d6 6. Be3 e6
7. Qd2 Rb8 8. Nge2 b5 9. O-O Nge7 10. Bh6 O-O 11. Bxg7 Kxg7
12. Nd1 Qa5 13. c3 b4 14. Ne3 bxc3 15. bxc3 Ba6 16. f4 f5
17. exf5 exf5 18. g4 Nd4 19. Ng3 fxg4 20. Rae1 Nef5 21. Nxg4
Nxg3 22. hxg3 Nf5 23. Kh2 Rbe8 24. Nf2 Qd8 25. Ne4 Bb7 26. Bh3
Kg8 27. Re2 Bc6 28. Rfe1 c4 29. Ng5 Rxe2+ 30. Rxe2 cxd3
31. Qxd3 Re8 32. Ne6 Qf6 33. Qc4 Bb5 34. Qxb5 Rxe6 35. Qb8+
Kg7 36. Qxa7+ Kh6 37. Rxe6 Qxe6 38. Qf2 Qe4 39. a4 Ne3 40. a5
d5 41. a6 d4 42. cxd4 Qxd4 43. Qa2 Qa7 44. Qa3 Qd4 45. Qa2 Qa7
46. Qa5 Nf5 47. Bxf5 Qf2+ 48. Kh3 gxf5 49. Qa1 Kh5 1-0

[Event "European Individual Championship"]
[Site "Plovdiv BUL"]
[Date "2008.05.01"]
[EventDate "2008.04.21"]
[Round "10"]
[Result "1/2-1/2"]
[White "Dragan Solak"]
[Black "Eltaj Safarli"]
[WhiteElo "2630"]
[BlackElo "2524"]
[PlyCount "108"]

1. e4 c5 2. c4 Nc6 3. Nc3 g6 4. d3 Bg7 5. g3 d6 6. Bg2 Nf6
7. Nge2 O-O 8. O-O Bg4 9. f3 Bd7 10. Be3 a6 11. a4 Qc8 12. b3
e5 13. Rb1 Rb8 14. Qd2 Nb4 15. Bg5 b5 16. axb5 axb5 17. f4
exf4 18. gxf4 h6 19. Bh4 bxc4 20. dxc4 Bh3 21. f5 Bxg2
22. Kxg2 g5 23. Bf2 Re8 24. Ng3 Qb7 25. Rfe1 Re7 26. Re2 Rbe8
27. Rbe1 Na6 28. Nd5 Nxd5 29. exd5 Rxe2 30. Rxe2 Re5 31. Qd3
Nb4 32. Qf3 Rxe2 33. Qxe2 Qd7 34. Qe4 Bf6 35. Kf3 Na6 36. Nh5
Bd8 37. Be1 Nc7 38. Ba5 Kf8 39. Bxc7 Qxc7 40. Qe3 Qa5 41. Qc1
Qa2 42. Qc3 f6 43. Kg3 Qe2 44. Qf3 Qe5+ 45. Kh3 Ba5 46. Ng3
Be1 47. Qh5 Bxg3 48. Qxh6+ Ke7 49. Qh7+ Kd8 50. hxg3 Qe2
51. Qg8+ Kc7 52. Qf7+ Kb6 53. Qxf6 Qh5+ 54. Kg2 Qe2+ 1/2-1/2

[Event "European Individual Championship"]
[Site "Plovdiv BUL"]
[Date "2008.05.02"]
[EventDate "2008.04.21"]
[Round "11"]
[Result "1/2-1/2"]
[White "Eltaj Safarli"]
[Black "Tigran Levonovich Petrosian"]
[WhiteElo "2524"]
[BlackElo "2616"]
[PlyCount "114"]

1. e4 c5 2. Nf3 e6 3. Nc3 a6 4. g3 b5 5. Bg2 Bb7 6. d3 d6
7. O-O Nf6 8. Ng5 h6 9. Nh3 b4 10. Ne2 d5 11. e5 Ng4 12. d4
cxd4 13. Nxd4 Nxe5 14. Re1 Nbc6 15. Nf4 Nxd4 16. Rxe5 Nb5
17. Qh5 Nc7 18. Nxe6 Nxe6 19. Rxe6+ Be7 20. Re5 O-O 21. Bxh6
Bf6 22. Bg5 Bxg5 23. Rxg5 Qf6 24. Re5 Rac8 25. Rc1 Rc7 26. Qe2
g6 27. c4 bxc3 28. Rxc3 Rd7 29. Rd3 Kg7 30. h4 Rc8 31. h5 Rc1+
32. Kh2 Rc2 33. Qxc2 Qxe5 34. hxg6 fxg6 35. Qd2 Rf7 36. Kg1
Rd7 37. Qb4 Qd6 38. Qxd6 Rxd6 39. f4 Kf6 40. Kf2 g5 41. Bf3
gxf4 42. gxf4 Kf5 43. Rd4 Bc6 44. Ke3 a5 45. Kd2 Rd8 46. b3
Ke6 47. Kc3 Kd6 48. a3 Re8 49. Kd3 Rb8 50. b4 axb4 51. axb4
Bb5+ 52. Kc3 Bc4 53. Bd1 Ra8 54. Bc2 Ra3+ 55. Kd2 Ra2 56. Kc3
Ra3+ 57. Kd2 Ra2 1/2-1/2

[Event "President's Cup"]
[Site "Baku AZE"]
[Date "2008.05.13"]
[EventDate "2008.05.12"]
[Round "2"]
[Result "0-1"]
[White "Asif Hasanov"]
[Black "Eltaj Safarli"]
[WhiteElo "2209"]
[BlackElo "2524"]
[PlyCount "62"]

1. e4 e5 2. f4 exf4 3. Bc4 d5 4. exd5 Nf6 5. Nf3 Nxd5 6. Bxd5
Qxd5 7. O-O Be7 8. d4 O-O 9. Bxf4 Qd8 10. Nc3 Bg4 11. Qd2 c6
12. Rae1 Nd7 13. Qe3 Re8 14. Ne5 Nxe5 15. Bxe5 f6 16. Bg3 Bh5
17. Qe6+ Bf7 18. Qg4 h5 19. Qd1 Bb4 20. Rxe8+ Qxe8 21. a3 Bxc3
22. bxc3 Qe3+ 23. Kh1 Qxc3 24. Rf3 Qb2 25. h4 Re8 26. Bf2 Bc4
27. Qd2 Re2 28. Qa5 Qxc2 29. Qxh5 Bf7 30. Qf5 Qxf5 31. Rxf5
Ra2 0-1

[Event "President's Cup"]
[Site "Baku AZE"]
[Date "2008.05.16"]
[EventDate "2008.05.12"]
[Round "5"]
[Result "1/2-1/2"]
[White "Eltaj Safarli"]
[Black "Nigel Short"]
[WhiteElo "2524"]
[BlackElo "2660"]
[PlyCount "93"]

1. e4 c5 2. Nf3 g6 3. c3 d5 4. exd5 Qxd5 5. d4 Bg7 6. Be2 cxd4
7. O-O d3 8. Bxd3 Nc6 9. Na3 Bg4 10. Be2 Nf6 11. Be3 O-O
12. h3 Bf5 13. Bc4 Qa5 14. Nd4 Rad8 15. Qe2 Nd5 16. Nxf5 gxf5
17. Bc1 Rd7 18. Bb3 e6 19. Rd1 a6 20. Nc2 Qd8 21. Ne1 Na5
22. Bc2 b5 23. Nf3 Qc7 24. Ng5 Rd6 25. g4 h6 26. Nf3 fxg4
27. Nd4 Nc6 28. Qxg4 f5 29. Qg2 Nxd4 30. Rxd4 Kf7 31. Rd3 Rg8
32. Rg3 Rdd8 33. Qf3 Be5 34. Rxg8 Rxg8+ 35. Kh1 Ke7 36. Bxh6
Rg6 37. Bd2 Bf4 38. Rd1 Bxd2 39. Rxd2 Nf4 40. Rd1 Rh6 41. Rg1
Rxh3+ 42. Qxh3 Nxh3 43. Rg7+ Kd6 44. Rxc7 Kxc7 45. Kg2 Nf4+
46. Kf3 Ng6 47. a4 1/2-1/2

[Event "President's Cup"]
[Site "Baku AZE"]
[Date "2008.05.18"]
[EventDate "2008.05.12"]
[Round "7"]
[Result "1-0"]
[White "Eltaj Safarli"]
[Black "Bela Khotenashvili"]
[WhiteElo "2524"]
[BlackElo "2333"]
[PlyCount "99"]

1. e4 c6 2. d4 d5 3. exd5 cxd5 4. c4 Nf6 5. Nc3 e6 6. Nf3 Bb4
7. cxd5 Nxd5 8. Bd2 Nc6 9. Bd3 O-O 10. O-O Be7 11. Re1 Bf6
12. Nxd5 Qxd5 13. Be4 Qd6 14. Bc3 Ne7 15. Ne5 Nd5 16. Bd2 Bd7
17. Qh5 g6 18. Qf3 Bc6 19. h4 Bg7 20. h5 Ne7 21. Rad1 Bxe4
22. Qxe4 Qd5 23. Qf4 gxh5 24. Bb4 Rae8 25. b3 a5 26. Ba3 b5
27. Bc5 f6 28. Nd3 Ng6 29. Qd6 Qxd6 30. Bxd6 Rf7 31. Nc5 e5
32. dxe5 fxe5 33. Ne4 Nf4 34. Bc5 Ra8 35. Be3 Rc7 36. Rd2 Ne6
37. Ng3 h4 38. Nf5 Bf6 39. Rd5 b4 40. Red1 Kf7 41. Nd6+ Kg6
42. Ne4 Rc2 43. Rd6 Kf5 44. Rxe6 Kxe6 45. Rd6+ Kf5 46. Nxf6
Rxa2 47. f3 Rf8 48. Ne4 Ra1+ 49. Kh2 Re1 50. g4+ 1-0

[Event "10th European Individual Championship"]
[Site "Budva MNE"]
[Date "2009.03.10"]
[EventDate "2009.03.06"]
[Round "5"]
[Result "1/2-1/2"]
[White "Eltaj Safarli"]
[Black "Laurent Fressinet"]
[WhiteElo "2564"]
[BlackElo "2666"]
[PlyCount "33"]

1. e4 e5 2. Nf3 Nc6 3. Bb5 a6 4. Ba4 Nf6 5. Qe2 b5 6. Bb3 Be7
7. O-O O-O 8. c3 d5 9. d3 Bb7 10. Rd1 Re8 11. Bg5 Na5 12. Bc2
h6 13. Bxf6 Bxf6 14. Nbd2 c5 15. exd5 Qxd5 16. Re1 Rac8 17. a3
1/2-1/2

[Event "10th European Individual Championship"]
[Site "Budva MNE"]
[Date "2009.03.11"]
[EventDate "2009.03.06"]
[Round "6"]
[Result "1/2-1/2"]
[White "Gergely Szabo"]
[Black "Eltaj Safarli"]
[WhiteElo "2506"]
[BlackElo "2564"]
[PlyCount "47"]

1. e4 c5 2. Nf3 d6 3. d4 cxd4 4. Nxd4 Nf6 5. Nc3 a6 6. Be3 Ng4
7. Bc1 Nf6 8. Be3 Ng4 9. Bg5 h6 10. Bh4 g5 11. Bg3 Bg7 12. h3
Ne5 13. Be2 Nbc6 14. Nf5 Bxf5 15. exf5 O-O 16. Nd5 e6 17. Ne3
d5 18. fxe6 fxe6 19. O-O Ng6 20. Bg4 Qf6 21. c3 Nf4 22. Re1
Rad8 23. Qb3 Rf7 24. Rad1 1/2-1/2

[Event "10th European Individual Championship"]
[Site "Budva MNE"]
[Date "2009.03.15"]
[EventDate "2009.03.06"]
[Round "9"]
[Result "1-0"]
[White "Eltaj Safarli"]
[Black "Sergei Reutsky"]
[WhiteElo "2564"]
[BlackElo "2381"]
[PlyCount "127"]

1. e4 e6 2. d4 d5 3. exd5 exd5 4. c4 Nf6 5. Nc3 Bb4 6. Bd3 O-O
7. Nge2 dxc4 8. Bxc4 Nc6 9. O-O Bf5 10. h3 h6 11. Be3 a6
12. Ng3 Bh7 13. a3 Bxc3 14. bxc3 Nd5 15. Qf3 Nce7 16. Bd2 b5
17. Bb3 Nb6 18. Rfe1 Ned5 19. Nh5 c6 20. Re5 Qd6 21. Nf4 Rae8
22. Qg3 Nf6 23. Rae1 Rxe5 24. dxe5 Qxd2 25. Rd1 Ne4 26. Rxd2
Nxg3 27. fxg3 Re8 28. e6 fxe6 29. Nxe6 Nc4 30. Bxc4 bxc4
31. Rd8 Rxd8 32. Nxd8 Be4 33. Nb7 Bd5 34. Nc5 a5 35. Kf2 Kf7
36. Ke3 Bxg2 37. h4 Kf6 38. Nb7 c5 39. Nxc5 Kf5 40. Nd7 h5
41. Nb6 Bf1 42. Nd5 g5 43. Kd4 Be2 44. Ne3+ Kf6 45. Nxc4 gxh4
46. gxh4 Kf5 47. Ne5 Kf4 48. c4 Kg3 49. Ng6 a4 50. c5 Bb5
51. Ke5 Kg4 52. Kd6 Be8 53. Ne5+ Kxh4 54. Nd7 Bg6 55. c6 Be4
56. c7 Bb7 57. Nc5 Bc8 58. Ke7 Kg3 59. Kd8 h4 60. Ne4+ Kg2
61. Kxc8 h3 62. Kb7 h2 63. c8=Q h1=Q 64. Qg4+ 1-0

[Event "10th European Individual Championship"]
[Site "Budva MNE"]
[Date "2009.03.16"]
[EventDate "2009.03.06"]
[Round "10"]
[Result "1/2-1/2"]
[White "Vladimir Potkin"]
[Black "Eltaj Safarli"]
[WhiteElo "2613"]
[BlackElo "2564"]
[PlyCount "73"]

1. d4 Nf6 2. Nf3 g6 3. c4 Bg7 4. Nc3 d5 5. Qb3 dxc4 6. Qxc4
O-O 7. e4 a6 8. Be2 b5 9. Qb3 c5 10. dxc5 Bb7 11. O-O Nxe4
12. Nxe4 Bxe4 13. Bf4 Bd5 14. Qe3 Bxb2 15. Rad1 e6 16. Ne5 Nd7
17. Nd3 e5 18. Bg5 Bd4 19. Bxd8 Bxe3 20. fxe3 Rfxd8 21. Nb4
Be4 22. c6 Nb6 23. c7 Rdc8 24. Rf6 a5 25. Rxb6 axb4 26. Rc1
Rxa2 27. Bf3 Bxf3 28. gxf3 Raa8 29. Rxb5 Kg7 30. Rxb4 Ra7
31. Rbc4 Kf6 32. Kf2 Ke6 33. Kg3 Kd7 34. Rd1+ Ke7 35. Rdc1 Kd7
36. Rd1+ Ke7 37. Rdc1 1/2-1/2

[Event "Chigorin Mem Open"]
[Site "St Petersburg RUS"]
[Date "2009.10.22"]
[EventDate "2009.10.16"]
[Round "7"]
[Result "1/2-1/2"]
[White "Eltaj Safarli"]
[Black "Vitaly Shinkevich"]
[WhiteElo "2587"]
[BlackElo "2496"]
[PlyCount "119"]

1. e4 e5 2. Nf3 Nc6 3. Bb5 a6 4. Ba4 Nf6 5. O-O Be7 6. Re1 b5
7. Bb3 d6 8. c3 O-O 9. h3 a5 10. d4 a4 11. Bc2 Bd7 12. Na3 Qb8
13. Bg5 Rd8 14. Bd3 b4 15. Nc4 h6 16. Bh4 Be8 17. Rb1 bxc3
18. bxc3 Qa7 19. Ne3 Nh7 20. Bg3 Ng5 21. d5 Na5 22. Nf5 Nxf3+
23. Qxf3 Bf8 24. Bh4 f6 25. Bb5 Kh7 26. Bxe8 Rxe8 27. Re3 c6
28. Bxf6 Qf7 29. Bh4 g6 30. Nd4 Qxf3 31. Nxf3 g5 32. Bg3 Reb8
33. Rb4 Rxb4 34. cxb4 Nc4 35. Rc3 cxd5 36. exd5 Nb6 37. Rc7+
Kg8 38. Nd2 Nxd5 39. Rb7 Rc8 40. a3 Rc3 41. b5 Rxa3 42. b6 Ra2
43. Nc4 Rc2 44. Ne3 Nxe3 45. fxe3 Rb2 46. Ra7 Rxb6 47. Rxa4
Kf7 48. h4 gxh4 49. Rxh4 Kg6 50. Ra4 Be7 51. Kf2 Bg5 52. Bh4
Rb2+ 53. Kf3 Bxh4 54. Rxh4 d5 55. Rg4+ Kf5 56. Rh4 Kg5
57. Rg4+ Kf6 58. Rh4 Rb3 59. Rxh6+ Kg5 60. Rh3 1/2-1/2

[Event "Chigorin Mem Open"]
[Site "St Petersburg RUS"]
[Date "2009.10.23"]
[EventDate "2009.10.16"]
[Round "8"]
[Result "0-1"]
[White "Vladimir Romanenko"]
[Black "Eltaj Safarli"]
[WhiteElo "2505"]
[BlackElo "2587"]
[PlyCount "90"]

1. e4 c5 2. Nf3 d6 3. d4 cxd4 4. Nxd4 Nf6 5. Nc3 a6 6. Bg5 e6
7. f4 Qb6 8. Nb3 Nbd7 9. Qf3 Qc7 10. O-O-O b5 11. a3 Bb7
12. Bd3 Be7 13. Kb1 h6 14. Bh4 g5 15. fxg5 Ne5 16. Qe2 Nfd7
17. Qh5 Ng6 18. Bg3 hxg5 19. Qf3 Nge5 20. Qe2 Nb6 21. Na5 Na4
22. Nxa4 Qxa5 23. Nc5 Bc6 24. Nb3 Qb6 25. Bf2 Qc7 26. Nd4 Bd7
27. Nf3 Nc4 28. Bd4 e5 29. Bf2 Be6 30. h4 g4 31. Nd2 Rc8
32. h5 Nxb2 33. Kxb2 Qc3+ 34. Kb1 Qxa3 35. Nb3 Rc3 36. Bxb5+
axb5 37. Qxb5+ Bd7 38. Qb8+ Rc8 39. Qa7 Qb4 40. Qe3 Be6
41. Be1 Qa4 42. Kb2 Rxc2+ 43. Kxc2 Qa2+ 44. Kd3 Qxb3+ 45. Bc3
Qa2 0-1

[Event "Aeroflot Open"]
[Site "Moscow RUS"]
[Date "2010.02.13"]
[EventDate "2010.02.09"]
[Round "5"]
[Result "1/2-1/2"]
[White "Farrukh Amonatov"]
[Black "Eltaj Safarli"]
[WhiteElo "2634"]
[BlackElo "2594"]
[PlyCount "56"]

1. e4 e5 2. Nf3 Nc6 3. d4 exd4 4. Nxd4 Bc5 5. Be3 Qf6 6. c3
Nge7 7. Bc4 Ne5 8. Bb3 Qa6 9. Bc2 O-O 10. b4 Bxd4 11. cxd4 Nc4
12. O-O d5 13. Nc3 dxe4 14. Bxe4 Bf5 15. Bf3 Rad8 16. Qb3 Be6
17. b5 Qa5 18. d5 Nxe3 19. fxe3 Bd7 20. e4 Ng6 21. Kh1 Ne5
22. a4 Qb6 23. a5 Qe3 24. Rae1 Qd4 25. Rd1 Qe3 26. Rfe1 Qc5
27. Be2 Qd6 28. Rf1 Rde8 1/2-1/2

[Event "Aeroflot Open"]
[Site "Moscow RUS"]
[Date "2010.02.15"]
[EventDate "2010.02.09"]
[Round "7"]
[Result "1/2-1/2"]
[White "Alexander Shabalov"]
[Black "Eltaj Safarli"]
[WhiteElo "2611"]
[BlackElo "2594"]
[PlyCount "111"]

1. e4 e5 2. Nf3 Nc6 3. Bb5 a6 4. Ba4 Nf6 5. O-O Be7 6. Bxc6
dxc6 7. Qe1 Nd7 8. b3 O-O 9. Bb2 Bd6 10. d4 exd4 11. Nxd4 Re8
12. Nd2 Ne5 13. Rd1 c5 14. Ne2 Qh4 15. Ng3 Nc6 16. f4 Bg4
17. Rb1 f6 18. e5 fxe5 19. f5 Rf8 20. Qe4 h5 21. Nc4 Rf7
22. Rf2 Raf8 23. Rbf1 Kh8 24. Ne3 Be7 25. Nd5 Bd8 26. Ba3 b6
27. Ne3 Nd4 28. Bc1 Bg5 29. c3 Nb5 30. Nxg4 hxg4 31. Bxg5 Qxg5
32. c4 Nd6 33. Qxe5 a5 34. Kh1 Re7 35. Qb2 Ne4 36. Nxe4 Rxe4
37. g3 Rf6 38. Qc2 Qe3 39. Rd2 Rh6 40. Rd8+ Kh7 41. Rd2 Rd6
42. Rdf2 Kg8 43. Qb2 Qd4 44. Qc1 Qe3 45. Qb2 Red4 46. Re2 Qg5
47. Re8+ Kh7 48. Qb1 Rf6 49. Re2 Kg8 50. Qc2 Rf8 51. Rff2 Qd8
52. Kg1 Rd1+ 53. Kg2 Rd4 54. Re1 Re8 55. Rxe8+ Qxe8 56. f6
1/2-1/2

[Event "World Junior Championship"]
[Site "Chotowa POL"]
[Date "2010.08.05"]
[EventDate "2010.08.03"]
[Round "3"]
[Result "0-1"]
[White "Eltaj Safarli"]
[Black "Marcin Sieciechowicz"]
[WhiteElo "2603"]
[BlackElo "2445"]
[PlyCount "94"]

1. e4 e6 2. d4 d5 3. Nc3 dxe4 4. Nxe4 Nd7 5. Nf3 Ngf6 6. Bg5
h6 7. Nxf6+ Nxf6 8. Bh4 c5 9. Bd3 cxd4 10. Nxd4 Bc5 11. Nb3
Be7 12. Qe2 O-O 13. O-O-O Nd5 14. Bg3 Qb6 15. a3 Bd7 16. Be5
Rfc8 17. Kb1 Bf6 18. Bxf6 Nxf6 19. Nd4 Rc5 20. Rhe1 Ba4
21. Ka2 Rac8 22. Rd2 Ra5 23. Bc4 Nd5 24. Bxd5 Rxd5 25. c3 e5
26. Nf3 Bb3+ 27. Ka1 Bc4 28. Qd1 Rxd2 29. Nxd2 Rd8 30. Qc1 Be6
31. Re2 Qd6 32. Qb1 f6 33. Ne4 Qd1 34. Re1 Qd5 35. f3 Qc4
36. g4 Kf7 37. h4 b5 38. Nf2 a5 39. h5 b4 40. cxb4 axb4
41. Rc1 Qb3 42. Rc7+ Kf8 43. Ra7 Qxf3 44. Qh7 Rd7 45. Qh8+ Kf7
46. Rxd7+ Bxd7 47. Qd8 Qc6 0-1

[Event "World Junior Championship"]
[Site "Chotowa POL"]
[Date "2010.08.06"]
[EventDate "2010.08.03"]
[Round "4"]
[Result "1-0"]
[White "Upadhyaya Anwesh"]
[Black "Eltaj Safarli"]
[WhiteElo "2412"]
[BlackElo "2603"]
[PlyCount "109"]

1. e4 c5 2. Nf3 d6 3. d4 cxd4 4. Nxd4 Nf6 5. Nc3 a6 6. Be3 e5
7. Nb3 Be6 8. Qd2 Nbd7 9. O-O-O b5 10. f4 Be7 11. Kb1 O-O
12. f5 Bc4 13. g4 Nxg4 14. Rg1 Ndf6 15. Bg5 Bxf1 16. Rdxf1 b4
17. Bxf6 Nxf6 18. Qh6 Ne8 19. Nd5 Bf6 20. Rf3 Kh8 21. Qh5 g6
22. fxg6 fxg6 23. Rxg6 Ra7 24. Rh6 Rg7 25. Nd2 Be7 26. b3 Nf6
27. Nxf6 Rxf6 28. Rhxf6 Bxf6 29. Rf1 Bg5 30. Nc4 Bf4 31. Rd1
Qg5 32. Qe8+ Rg8 33. Qe6 Qh6 34. Qd5 Qxh2 35. Nxd6 Rf8 36. Nf5
Qh5 37. Qd6 Qf7 38. Qxb4 h6 39. Qb6 Qh5 40. Qd6 Rf7 41. Rg1
Kh7 42. Qxa6 Rd7 43. Kb2 Rc7 44. Qb6 Rf7 45. Qe6 Bg5 46. Rh1
Qg6 47. Qxg6+ Kxg6 48. a4 h5 49. a5 Rh7 50. a6 Ra7 51. Ra1 Bd8
52. b4 Kg5 53. b5 Kf4 54. Nd6 h4 55. Nc8 1-0

[Event "World Junior Championship"]
[Site "Chotowa POL"]
[Date "2010.08.07"]
[EventDate "2010.08.03"]
[Round "5"]
[Result "0-1"]
[White "Benjamin Vincent Hercules"]
[Black "Eltaj Safarli"]
[WhiteElo "2057"]
[BlackElo "2603"]
[PlyCount "96"]

1. d4 Nf6 2. c4 g6 3. Nc3 d5 4. Nf3 Bg7 5. Qb3 dxc4 6. Qxc4
O-O 7. e4 a6 8. e5 b5 9. Qb3 Nfd7 10. h4 c5 11. e6 c4 12. Qd1
Nb6 13. exf7+ Rxf7 14. h5 Nc6 15. hxg6 hxg6 16. Be3 Nd5
17. Ng5 Rf5 18. Nce4 Nxe3 19. fxe3 Qd5 20. g4 Rxg5 21. Bg2 Qe6
22. Nxg5 Qxe3+ 23. Qe2 Qxg5 24. Bxc6 Bxg4 25. Rg1 Qh4+ 26. Qf2
Qxf2+ 27. Kxf2 Bxd4+ 28. Kg3 Rc8 29. Bb7 Rc7 30. Kxg4 Rxb7
31. Rg2 b4 32. Kf3 Kf7 33. Ke4 Bf6 34. Rc1 Rc7 35. Rcc2 Rc5
36. b3 c3 37. Kd3 a5 38. a3 bxa3 39. Ra2 Rd5+ 40. Kc2 Rd2+
41. Rxd2 cxd2 42. Rxa3 Bc3 43. Ra4 g5 44. Rc4 Bb4 45. Kd1 Kf6
46. Ke2 Kf5 47. Rd4 g4 48. Rd8 Kf4 0-1

[Event "World Junior Championship"]
[Site "Chotowa POL"]
[Date "2010.08.09"]
[EventDate "2010.08.03"]
[Round "6"]
[Result "1-0"]
[White "Eltaj Safarli"]
[Black "Berik Akkozov"]
[WhiteElo "2603"]
[BlackElo "2328"]
[PlyCount "71"]

1. e4 c5 2. Nf3 d6 3. d4 cxd4 4. Nxd4 Nf6 5. Nc3 a6 6. Be3 Ng4
7. Bg5 h6 8. Bh4 g5 9. Bg3 Bg7 10. h3 Nf6 11. Bc4 Qb6 12. Nb3
Nc6 13. h4 Qb4 14. Qd3 b5 15. Bd5 Nxd5 16. exd5 Nd4 17. O-O-O
Bf5 18. Qxd4 Bxd4 19. Rxd4 Qxd4 20. Nxd4 Bh7 21. hxg5 hxg5
22. a4 Kd7 23. Re1 b4 24. Ne4 Rac8 25. Nxg5 Rc5 26. Rh1 Rxd5
27. Nxf7 Rc8 28. Nxd6 Rcc5 29. Rxh7 Rxd4 30. b3 Rcd5 31. Nc4
Rd1+ 32. Kb2 Rg1 33. Ne3 Rd2 34. Bh4 a5 35. Rxe7+ Kc8 36. Nc4
1-0

[Event "World Junior Championship"]
[Site "Chotowa POL"]
[Date "2010.08.10"]
[EventDate "2010.08.03"]
[Round "7"]
[Result "1/2-1/2"]
[White "Vugar Rasulov"]
[Black "Eltaj Safarli"]
[WhiteElo "2442"]
[BlackElo "2603"]
[PlyCount "134"]

1. e4 c5 2. Nf3 d6 3. d4 cxd4 4. Qxd4 Nc6 5. Bb5 Bd7 6. Bxc6
Bxc6 7. c4 Nf6 8. Nc3 g6 9. O-O Bg7 10. Qd3 O-O 11. Nd4 Qb6
12. Be3 Qxb2 13. Nd5 Bxd5 14. cxd5 Rfc8 15. Rab1 Rc3 16. Qd1
Qxa2 17. Rxb7 Qa6 18. Qb1 Nxe4 19. Nc6 h5 20. Nxe7+ Kh7
21. Nxg6 fxg6 22. Bd4 Rg8 23. Bxg7 Rxg7 24. Rxg7+ Kxg7
25. Qxe4 Rc7 26. Qd4+ Kh7 27. Qf6 Qb5 28. Qg5 Rf7 29. h3 Qc5
30. Kh2 Qd4 31. Re1 Qxf2 32. Re6 Qf4+ 33. Qxf4 Rxf4 34. Rxd6
Kg7 35. Kg3 g5 36. Rd7+ Rf7 37. Rd6 Rf4 38. Rd7+ Rf7 39. Rd6
Kh7 40. h4 g4 41. Re6 Rf5 42. d6 a6 43. d7 Rd5 44. Re5 Rd3+
45. Kf4 Kg6 46. Re7 Kf6 47. Rh7 Kg6 48. Ke4 Rd2 49. Re7 Kf6
50. Re5 Rxd7 51. Rxh5 Rd2 52. g3 Rf2 53. Rg5 Ra2 54. Rf5+ Ke6
55. Rc5 Ra4+ 56. Ke3 Kf6 57. Rd5 Ra3+ 58. Rd3 Ra1 59. Rd4 a5
60. Rf4+ Ke6 61. Rxg4 Ra3+ 62. Kd2 a4 63. Kc2 Rb3 64. h5 Rb5
65. h6 Kf6 66. Rg8 Rh5 67. g4 Rxh6 1/2-1/2

[Event "World Junior Championship"]
[Site "Chotowa POL"]
[Date "2010.08.11"]
[EventDate "2010.08.03"]
[Round "8"]
[Result "1-0"]
[White "Eltaj Safarli"]
[Black "Ilija Golichenko"]
[WhiteElo "2603"]
[BlackElo "2419"]
[PlyCount "263"]

1. e4 c5 2. Nf3 d6 3. d4 cxd4 4. Nxd4 Nf6 5. Nc3 a6 6. Be3 e5
7. Nf3 Qc7 8. a4 Be7 9. Be2 O-O 10. O-O Nbd7 11. Nd2 b6
12. Nc4 Bb7 13. f3 Bc6 14. Bf2 g6 15. Ne3 Qb7 16. Bc4 b5
17. Ned5 Nxd5 18. Nxd5 Bd8 19. axb5 axb5 20. Ba2 b4 21. Qd2
Rb8 22. Bc4 Bxd5 23. Bxd5 Qc8 24. Bb3 Nc5 25. Qxd6 Nxb3
26. cxb3 Bc7 27. Qc5 Re8 28. Rfc1 Rb7 29. Ra7 Rd8 30. h4 Rd7
31. Ra6 Qd8 32. Rc6 Kg7 33. Kh2 Bd6 34. Qc4 Bc7 35. Qa6 Rb8
36. Bg3 f6 37. Qc4 Bb6 38. Ra1 Bd4 39. Raa6 Bb6 40. Qe6 Bd4
41. h5 Rf7 42. Rd6 Qf8 43. Qg4 Rd8 44. Rdc6 Ra8 45. Rxa8 Qxa8
46. Qe6 Be3 47. Bh4 g5 48. Be1 Qb7 49. Rc8 Qd7 50. Qxd7 Rxd7
51. Bxb4 Rb7 52. Rc4 Kh6 53. g4 Kg7 54. Ba3 h6 55. b4 Rd7
56. Rc2 Kf7 57. Kg2 Rd1 58. b5 Rg1+ 59. Kh2 Rf1 60. Re2 Bd4
61. Kg3 Rg1+ 62. Rg2 Rc1 63. Bb4 Rb1 64. Rc2 Rg1+ 65. Kh2 Rf1
66. Kg2 Rg1+ 67. Kh2 Rf1 68. Kg3 Rg1+ 69. Rg2 Rb1 70. Bc3 Bc5
71. Rc2 Be3 72. Bd2 Bd4 73. Bc1 Ke6 74. b6 Bxb6 75. Rc6+ Kf7
76. Bxg5 Bf2+ 77. Kxf2 Rxb2+ 78. Ke3 hxg5 79. Rc7+ Kg8 80. Kd3
Rf2 81. Ke3 Ra2 82. h6 Ra3+ 83. Kf2 Ra2+ 84. Kg3 Ra6 85. h7+
Kh8 86. Rf7 Rb6 87. Kf2 Ra6 88. Ke2 Rb6 89. Kd2 Ra6 90. Kc2
Rb6 91. Kc3 Rc6+ 92. Kb4 Rb6+ 93. Kc5 Ra6 94. Kb5 Rd6 95. Kc5
Ra6 96. Kd5 Rb6 97. Ra7 Rb3 98. Ke6 Rxf3 99. Kf7 Kxh7 100. Ra1
Rh3 101. Kxf6 Kh6 102. Rf1 Rh2 103. Rf5 Ra2 104. Rxg5 Ra6+
105. Kf5 Rb6 106. Rh5+ Kg7 107. Kxe5 Rb5+ 108. Kf4 Rb1
109. Ra5 Kg6 110. Ra6+ Kf7 111. Ra7+ Kg6 112. Ra6+ Kf7 113. e5
Rf1+ 114. Kg5 Re1 115. e6+ Ke7 116. Kg6 Rg1 117. g5 Rg2
118. Kh6 Rh2+ 119. Kg7 Rg2 120. g6 Rg1 121. Kh7 Rh1+ 122. Kg8
Rg1 123. g7 Rh1 124. Ra7+ Ke8 125. Ra8+ Ke7 126. Ra7+ Ke8
127. Rf7 Rh2 128. e7 Rh1 129. Rf8+ Kxe7 130. Rf2 Rh3 131. Re2+
Kd7 132. Re4 1-0

[Event "World Junior Championship"]
[Site "Chotowa POL"]
[Date "2010.08.12"]
[EventDate "2010.08.03"]
[Round "9"]
[Result "1/2-1/2"]
[White "Stef Soors"]
[Black "Eltaj Safarli"]
[WhiteElo "2259"]
[BlackElo "2603"]
[PlyCount "116"]

1. e4 c5 2. c3 d5 3. exd5 Qxd5 4. d4 Nf6 5. Nf3 e6 6. Na3 Nc6
7. Be3 cxd4 8. Nb5 Qd8 9. Nbxd4 Nd5 10. Bg5 Be7 11. Bxe7 Qxe7
12. Bc4 Qc5 13. Bb3 O-O 14. O-O Nce7 15. Qe2 Ng6 16. Rfe1 b6
17. Rad1 Bb7 18. g3 Rad8 19. h4 Rfe8 20. Ba4 Rf8 21. Ng5 e5
22. Nf5 h6 23. Ne4 Qc7 24. Qh5 Nde7 25. Bc2 Nxf5 26. Qxf5 Bc8
27. Qf3 Be6 28. h5 Ne7 29. Nf6+ Kh8 30. g4 Rxd1 31. Rxd1 Rd8
32. Re1 Ng8 33. Nxg8 Kxg8 34. Qe4 Rd2 35. Rd1 Rxd1+ 36. Bxd1
Kf8 37. Bb3 Bxb3 38. axb3 Qd7 39. Kg2 f6 40. Kg3 Kg8 41. c4
Qe7 42. Qd5+ Kh8 43. Kf3 Qb4 44. Ke4 Qxb3 45. Kf5 Qa4 46. Kg6
Qe8+ 47. Qf7 Qg8 48. Qe7 Qh7+ 49. Kf7 Qg8+ 50. Kg6 a5 51. b3
Qh7+ 52. Kf7 Qg8+ 53. Kg6 Qh7+ 54. Kf7 Qg8+ 55. Kg6 Qh7+
56. Kf7 Qg8+ 57. Kg6 Qh7+ 58. Kf7 Qg8+ 1/2-1/2

[Event "World Junior Championship"]
[Site "Chotowa POL"]
[Date "2010.08.13"]
[EventDate "2010.08.03"]
[Round "10"]
[Result "1-0"]
[White "Eltaj Safarli"]
[Black "Andrey Baryshpolets"]
[WhiteElo "2603"]
[BlackElo "2450"]
[PlyCount "71"]

1. e4 c5 2. Nf3 d6 3. d4 cxd4 4. Nxd4 Nf6 5. Nc3 Nc6 6. Bg5 e6
7. Qd2 a6 8. O-O-O Nxd4 9. Qxd4 Be7 10. f4 b5 11. Bxf6 gxf6
12. f5 Bd7 13. Be2 Qa5 14. Bh5 O-O 15. Kb1 b4 16. Ne2 Rac8
17. Rd3 Qc5 18. Rg3+ Kh8 19. Qd2 exf5 20. Nf4 Be6 21. Bg6
Qxc2+ 22. Qxc2 Rxc2 23. Kxc2 hxg6 24. Nxe6 fxe6 25. Re1 e5
26. Rxg6 fxe4 27. Rxe4 Kh7 28. Rg3 f5 29. Rxb4 f4 30. Rg4 Rf7
31. Rb3 Kh8 32. Rh3+ Rh7 33. Rxh7+ Kxh7 34. b4 d5 35. Kb3 Bd6
36. Rg5 1-0

[Event "World Junior Championship"]
[Site "Chotowa POL"]
[Date "2010.08.14"]
[EventDate "2010.08.03"]
[Round "11"]
[Result "0-1"]
[White "Vasif Durarbayli"]
[Black "Eltaj Safarli"]
[WhiteElo "2501"]
[BlackElo "2603"]
[PlyCount "90"]

1. e4 c5 2. Nc3 d6 3. Nge2 Nf6 4. h3 b5 5. d4 Nbd7 6. dxc5
Nxc5 7. Ng3 a6 8. Be3 e6 9. b4 Ncd7 10. a4 d5 11. Rb1 Qc7
12. Qd2 Bd6 13. exd5 O-O 14. Nge4 Be5 15. d6 Nxe4 16. Nxe4 Qc6
17. f4 Qxe4 18. fxe5 Nxe5 19. Qd4 Qxc2 20. Rc1 Qf5 21. Be2 f6
22. Bg4 Qg6 23. Be2 Qf5 24. Bg4 Qg6 25. Rxc8 Raxc8 26. Bxe6+
Kh8 27. O-O Rce8 28. Bf5 Qf7 29. axb5 axb5 30. Rc1 Nc4 31. Bf4
Rd8 32. Qc5 g6 33. Bg4 h5 34. Bf3 Rc8 35. Qd4 Ne5 36. Be2
Rxc1+ 37. Bxc1 Qd7 38. Bf4 Re8 39. g4 hxg4 40. hxg4 Nxg4
41. Bf3 Ne5 42. Bg2 Re6 43. Be3 Rxd6 44. Qh4+ Kg8 45. Kf2 Ng4+
0-1